000
00456nam a2200145Ia 4500
008
100122s9999 xx 000 0 und d
082
_b
15653
_a
823
100
_a
कर्नाड हिरा
245
_a
अबोल झाली सतार
260
_b
राजश्री प्रकाशन
_c
1969
300
_a
95
630
_a
अबोल झाली सतार
730
_a
अबोल झाली सतार
942
_c
BOOK
999
_c
405849
_d
405846